| 000 | 00409nam a22001697a 4500 | ||
|---|---|---|---|
| 003 | MPLRDC | ||
| 005 | 20220104113702.0 | ||
| 008 | 210129b ||||| |||| 00| 0 eng d | ||
| 082 | _a857.621 NK-20 v.4 | ||
| 100 | _a倪匡 | ||
| 245 |
_a海底火龙 _c |
||
| 260 |
_a _b环球出版社 _c |
||
| 300 | _b平 | ||
| 490 | _a女黑侠木兰花故事. 4 | ||
| 650 | _a科幻小说 | ||
| 942 |
_cBK _o857.621 NK-20 v.4 |
||
| 999 |
_c1558 _d1548 |
||